Mecánica vectorial para ingenieros: estática

Gardado en:
Detalles Bibliográficos
Main Authors: Beer, Ferdinand Pierre (Author), Johnston, E Russell (Author)
Formato: Libro
Idioma:Lingua castelá
Publicado: Ciudad de México McGraw-Hill Interamericana 1997
Edición:6a. ed
Subjects:
Tags: Engadir etiqueta
Sen Etiquetas, Sexa o primeiro en etiquetar este rexistro!

MARC

LEADER 00000nam a2200000 a 4500
001 UCJ1613
003 CL-VaPUC
008 061103e19970000MX |||||||||||||||||spa|d
020 |a 9701010213 
082 0 4 |a 620.1  |b BEE  |2 21 
100 0 |a Beer, Ferdinand Pierre  |e author  |9 502313 
700 0 |a Johnston, E Russell  |e author  |9 502314 
245 1 0 |a Mecánica vectorial para ingenieros: estática 
250 |a 6a. ed 
300 |a 599 p 
942 |c BK 
945 |d 20061103 00:00:00  |a jtorresc 
260 |a Ciudad de México  |b McGraw-Hill Interamericana  |c 1997 
500 |a Incluye 2 diskettes 
650 0 |a Estática  |9 260452 
650 0 |a Mecánica aplicada  |9 260187 
650 0 |a Análisis vectorial   |9 260451 
583 |a last modification  |c 20120619 10:12:09  |k Rodrigo Vera 
999 |c 318145  |d 318143 
952 |0 0  |1 0  |2 ddc  |4 0  |6 620_100000000000000_BEE_1997  |7 0  |8 A  |9 395496  |a BIBING  |b BIBING  |c RES  |d 2019-11-22  |i 4293452  |l 3  |o 620.1 BEE 1997  |p 4293452  |r 2025-01-20  |s 2023-09-08  |w 2019-11-22  |y BK  |k CIC